| 000 | 00582nam a22001937a 4500 | ||
|---|---|---|---|
| 999 |
_c172246 _d172246 |
||
| 005 | 20200130124832.0 | ||
| 010 | _aENG-127574 | ||
| 020 |
_a9789388927512 _c150.00 |
||
| 035 | _aEN-111106 | ||
| 037 | _bDBAD/PUB | ||
| 082 | _a801.95 | ||
| 100 | _asutariya,Chirag | ||
| 245 |
_aEcocritical Reading of Fiction: _cby Chirag Sutariya |
||
| 260 |
_aAhmedabad _bVedant Publication _c2019 |
||
| 270 |
_bAhmedabad _aRajkot, Ahmedabad, Surat _e360001 |
||
| 300 |
_a117p. _b21cm(pbk) |
||
| 500 | _ainclude bibliographical references | ||
| 942 |
_2ddc _cEN _h801.95 _mSUT |
||